Statystyki dla Największe aglomeracje w Niderlandach

Kliknij tutaj aby rozwiązać quiz!

Ogólne statystyki

  • Ten quiz został rozwiązany 94 razy
    (77 od ostatniego zresetowania)
  • Średni wynik to 6 z 13

Statystyki odpowiedzi

MiejsceMieszkańcyNazwa% Poprawnych
1.1 484 893Aglomeracja Amsterdamska
100%
2.1 231 859Aglomeracja Rotterdamska
99%
3.1 062 974Aglomeracja Haska
89%
4.753 426Aglomeracja Eindhoven
69%
6.681 181Aglomeracja Utrechcka
61%
9.538 662Aglomeracja Groningen-Assen
50%
5.747 075Aglomeracja Arnhem-Nijmegen
44%
10.530 557Aglomeracja Breda-Tilburg
39%
11.318 327Aglomeracja Alkmaar
34%
7.625 840Twente
21%
13.214 757Aglomeracja Almere
13%
12.270 000Drechtsteden
10%
8.550 000Holenderska Nadrenia
3%

Rozkład punktacji

Percentyl według liczby udzielonych odpowiedzi

Procent ludzi z każdym wynikiem

Twoja historia wyników

Nie rozwiązałeś tego quizu od ostatniego zresetowania